| 000 | 00377cam a2200157ua 4500 | ||
|---|---|---|---|
| 003 | OSt | ||
| 008 | 250707b |||||||| |||| 00| 0 eng d | ||
| 041 | _aeng | ||
| 082 |
_a624.9 _bJOS/PR |
||
| 100 |
_aJoshi, M V . _97617 |
||
| 245 | _aProcess equipment design / | ||
| 250 | _a1 / | ||
| 260 |
_aMadras : _bMacmillan India limited , _c1981. |
||
| 300 | _a496 ; . | ||
| 942 | _cBK | ||
| 999 |
_c5664 _d5664 |
||